000 00836nam a2200265Ia 4500
003 GCL
008 140319s9999 xx 000 0 ara d
020 _a7125701977
040 _aGCL /
_cGCL
082 0 4 _aق
_b962.048
_bس م
100 1 _aعبدالعظيم رمضان
245 1 0 _aمذكرات سعد زغلول /
_cعبدالعظيم رمضان
700 1 _aسعد زغلول
260 _aالقاهرة :
_bالهيئة المصرية العامة للكتاب ،
_c1987
300 _aمتعدد ؛
_c24 سم
490 _a
650 0 4 _aالعصر الحديث
650 0 4 _aمصر
650 0 4 _aتاريخ
650 0 4 _aالمذكرات
650 0 4 _aالتراجم الذاتية
650 0 4 _aسعد زغلول
650 0 4 _aمصر - تاريخ - العصر الحديث - ثورة 1919
942 _2ddc
_cBK
999 _c37111
_d37111